Microwave system design tools and EW applications / (Record no. 60529)

000 -LEADER
fixed length control field 01445cam a2200385 a 4500
001 - CONTROL NUMBER
control field 15207063
003 - CONTROL NUMBER IDENTIFIER
control field NUST-PNEC
005 - DATE AND TIME OF LATEST TRANSACTION
control field 20170116180700.0
008 - FIXED-LENGTH DATA ELEMENTS--GENERAL INFORMATION
fixed length control field 080305s2008 maua b 001 0 eng
010 ## - LIBRARY OF CONGRESS CONTROL NUMBER
LC control number 2008271656
015 ## - NATIONAL BIBLIOGRAPHY NUMBER
National bibliography number GBA824653
Source bnb
016 7# - NATIONAL BIBLIOGRAPHIC AGENCY CONTROL NUMBER
Record control number 014512159
Source Uk
020 ## - INTERNATIONAL STANDARD BOOK NUMBER
International Standard Book Number 9781596932562
020 ## - INTERNATIONAL STANDARD BOOK NUMBER
International Standard Book Number 1596932562
035 ## - SYSTEM CONTROL NUMBER
System control number (OCoLC)ocn192012367
035 ## - SYSTEM CONTROL NUMBER
System control number (OCoLC)192012367
Canceled/invalid control number (OCoLC)174130886
040 ## - CATALOGING SOURCE
Original cataloging agency DLC
Transcribing agency PNEC
Modifying agency DLC
050 00 - LIBRARY OF CONGRESS CALL NUMBER
Classification number UG485
Item number .E36 2008
082 00 - DEWEY DECIMAL CLASSIFICATION NUMBER
Classification number 623.73 EAS
100 1# - MAIN ENTRY--PERSONAL NAME
Personal name East, Peter W.
245 10 - TITLE STATEMENT
Title Microwave system design tools and EW applications /
Statement of responsibility, etc. Peter W. East.
250 ## - EDITION STATEMENT
Edition statement 2nd ed.
260 ## - PUBLICATION, DISTRIBUTION, ETC.
Place of publication, distribution, etc. Boston :
Name of publisher, distributor, etc. Artech House,
Date of publication, distribution, etc. c2008.
300 ## - PHYSICAL DESCRIPTION
Extent xviii, 229 p. :
Other physical details ill. ;
Dimensions 24 cm. +
Accompanying material 1 CD-ROM (4 3/4 in.)
440 #0 - SERIES STATEMENT/ADDED ENTRY--TITLE
Title Artech House microwave library
500 ## - GENERAL NOTE
General note http://www.amazon.com/Microwave-System-Design-Applications-Library/dp/1596932562/ref=sr_1_1?s=books&ie=UTF8&qid=1410160491&sr=1-1&keywords=1596932562
504 ## - BIBLIOGRAPHY, ETC. NOTE
Bibliography, etc. note Includes bibliographical references and index.
650 #0 - SUBJECT ADDED ENTRY--TOPICAL TERM
Topical term or geographic name entry element Electronics in military engineering.
650 #0 - SUBJECT ADDED ENTRY--TOPICAL TERM
Topical term or geographic name entry element Microwaves
General subdivision EE
650 #0 - SUBJECT ADDED ENTRY--TOPICAL TERM
Topical term or geographic name entry element Microwave receivers.
General subdivision Military applications.
856 41 - ELECTRONIC LOCATION AND ACCESS
Materials specified Table of contents
Uniform Resource Identifier <a href="http://www.loc.gov/catdir/toc/fy0804/2008271656.html">http://www.loc.gov/catdir/toc/fy0804/2008271656.html</a>
906 ## - LOCAL DATA ELEMENT F, LDF (RLIN)
a 7
b cbc
c origres
d 2
e ncip
f 20
g y-gencatlg
942 ## - ADDED ENTRY ELEMENTS (KOHA)
Source of classification or shelving scheme
Koha item type Book
Holdings
Withdrawn status Lost status Source of classification or shelving scheme Damaged status Not for loan Permanent Location Current Location Date acquired Source of acquisition Cost, normal purchase price Total Checkouts Full call number Barcode Date last seen Cost, replacement price Price effective from Koha item type
          Pakistan Navy Engineering College (PNEC) Pakistan Navy Engineering College (PNEC) 06/30/2009 Progressive International Agency 9316.56   623.73 EAS PNECLIB-029343 09/08/2014 9316.56 06/30/2009 Book
© 2023 Central Library, National University of Sciences and Technology. All Rights Reserved.